Post-orogenic Permian Granitic Rocks in the Western Carpathian-Pannonian Area: Geochemistry, Mineralogy and Evolution

Bibliographic Details
Main Authors: Uher, Pavel, 1963- (Author), Broska, Igor, 1955- (Author)
Format: Article
Language:Slovak
English
PhysicalDescription:Obr. 11, tab. 5, res. angl., lit. 37 zázn.
ISSN:1335-0552
Subjects:

MARC

LEADER 00000nab a2200000 a 4500
001 vtls000640059
003 SK-MaSNL
005 20260304083826.0
008 250425c1996 xo 0 slo
015 |a SNBRB19rr/mm-uuuuu 
035 |a CL0640198 
035 |a urn:nbn:sk:snk-ab78ps 
035 |a (uuid)647a817c-4a2f-4c63-80d7-c60c9f1dc3e9 
035 |a (urnnbn)urn:nbn:sk:snk:ar-a0779m 
035 |a (sysno)vtls000640059 
040 |a SNKBUCL  |b slo  |c SNKBUCL  |e AACR2 
041 0 |a eng 
044 |a xo  |c SK 
080 |a 552.32(234.372.3)(234.373)"6136"  |2 1981 
080 |a 551.736  |2 1981 
080 |a 551.83  |2 1981 
100 1 |a Uher, Pavel,  |d 1963-  |4 aut  |9 178682 
245 1 0 |a Post-orogenic Permian Granitic Rocks in the Western Carpathian-Pannonian Area: Geochemistry, Mineralogy and Evolution  |c Pavel Uher, Igor Broska 
300 |b Obr. 11, tab. 5, res. angl., lit. 37 zázn. 
650 0 7 |a horniny granitové  |2 snkbucl  |9 1357944 
650 0 7 |a perm  |2 snkbucl  |9 105608 
651 7 |a Panónska panva  |2 snkbucl  |9 62620 
651 7 |a Západné Karpaty (pohorie)  |2 snkbucl  |9 175174 
655 7 |a články z novín a časopisov  |2 snkbucl  |9 267496 
700 1 |a Broska, Igor,  |d 1955-  |4 aut  |9 115001 
773 0 |t Geologica carpathica  |g Roč. 47, č. 5 (1996), s. 311-321  |x 1335-0552 
850 |a Slovenská národná knižnica 
852 |a Slovenská národná knižnica 
958 |a article27 
958 |a NX 
958 |a NB 
958 |a HU 
958 |a RK 
958 |a OND 
958 |a EUIPO 
999 |c 2801416  |d 2803346